Wszystkie gminy w Małopolskim - Statystyki

Ogólne statystyki
  • Ten quiz został rozwiązany 568 razy
    18 od ostatniego zresetowania
  • Średni wynik to 73 z 171
Statystyki odpowiedzi
Powiaty Typ Gminy Odpowiedź % Poprawnych
miasta na prawach powiatu Kraków
100%
miechowski miejsko-wiejska Miechów
100%
nowotarski miejska | wiejska Nowy Targ
100%
tatrzański miejska Zakopane
100%
bocheński miejska | wiejska Bochnia
93%
Nowy Sącz
93%
oświęcimski miejska | wiejska Oświęcim
93%
Tarnów
93%
limanowski miejska | wiejska Limanowa
87%
myślenicki miejsko-wiejska Myślenice
87%
miejsko-wiejska Olkusz
87%
wielicki miejsko-wiejska Wieliczka
87%
chrzanowski miejsko-wiejska Chrzanów
80%
suski miejska Sucha Beskidzka
80%
wadowicki miejsko-wiejska Wadowice
80%
miejsko-wiejska Andrychów
73%
brzeski miejsko-wiejska Brzesko
73%
dąbrowski miejsko-wiejska Dąbrowa Tarnowska
73%
wiejska Bukowina Tatrzańska
67%
tarnowski miejsko-wiejska Ciężkowice
67%
wiejska Gdów
67%
miejsko-wiejska Krynica-Zdrój
67%
miejsko-wiejska Muszyna
67%
miejsko-wiejska Niepołomice
67%
proszowicki miejsko-wiejska Proszowice
67%
miejsko-wiejska Trzebinia
67%
miejsko-wiejska Zator
67%
miejsko-wiejska Alwernia
60%
wiejska Czarny Dunajec
60%
nowosądecki miejska | wiejska Grybów
60%
miejsko-wiejska Krzeszowice
60%
miejska Mszana Dolna
60%
miejsko-wiejska Nowe Brzesko
60%
miejsko-wiejska Żabno
60%
wiejska Biały Dunajec
53%
miejsko-wiejska Dobczyce
53%
wiejska Jabłonka
53%
miejsko-wiejska Kalwaria Zebrzydowska
53%
wiejska Książ Wielki
53%
miejsko-wiejska Libiąż
53%
miejsko-wiejska Maków Podhalański
53%
miejsko-wiejska Nowy Wiśnicz
53%
wiejska Poronin
53%
miejsko-wiejska Rabka-Zdrój
53%
krakowski miejsko-wiejska Skawina
53%
miejsko-wiejska Stary Sącz
53%
miejsko-wiejska Tuchów
53%
miejsko-wiejska Wojnicz
53%
miejsko-wiejska Wolbrom
53%
wiejska Zabierzów
53%
miejsko-wiejska Czchów
47%
wiejska Czorsztyn
47%
miejska | wiejska Jordanów
47%
miejsko-wiejska Kęty
47%
wiejska Kłaj
47%
miejsko-wiejska Koszyce
47%
wiejska Łącko
47%
wiejska Mogilany
47%
miejsko-wiejska Piwniczna-Zdrój
47%
miejsko-wiejska Słomniki
47%
miejsko-wiejska Szczawnica
47%
miejsko-wiejska Zakliczyn
47%
wiejska Zielonki
47%
olkuski miejska Bukowno
40%
wiejska Gródek nad Dunajcem
40%
wiejska Jerzmanowice-Przeginia
40%
wiejska Kocmyrzów-Luborzyca
40%
wiejska Łososina Dolna
40%
wiejska Nawojowa
40%
wiejska Pcim
40%
wiejska Podegrodzie
40%
miejsko-wiejska Skała
40%
miejsko-wiejska Sułkowice
40%
miejsko-wiejska Świątniki Górne
40%
miejsko-wiejska Szczucin
40%
wiejska Tymbark
40%
wiejska Zawoja
40%
wiejska Bolesław
33%
miejsko-wiejska Chełmek
33%
wiejska Iwkowa
33%
wiejska Jodłownik
33%
wiejska Kamienica
33%
wiejska Kozłów
33%
wiejska Krościenko nad Dunajcem
33%
wiejska Lanckorona
33%
wiejska Łapanów
33%
wiejska Łapsze Niżne
33%
wiejska Lipnica Murowana
33%
wiejska Lubień
33%
wiejska Łukowica
33%
wiejska Michałowice
33%
wiejska Ochotnica Dolna
33%
wiejska Raba Wyżna
33%
miejsko-wiejska Ryglice
33%
wiejska Rytro
33%
wiejska Rzezawa
33%
wiejska Spytkowice
33%
wiejska Sułoszowa
33%
wiejska Szczawa
33%
wiejska Tomice
33%
wiejska Wielka Wieś
33%
wiejska Wierzchosławice
33%
wiejska Zembrzyce
33%
wiejska Biskupice
27%
miejsko-wiejska Brzeszcze
27%
wiejska Czernichów
27%
wiejska Gnojnik
27%
wiejska Gołcza
27%
wiejska Gromnik
27%
wiejska Igołomia-Wawrzeńczyce
27%
wiejska Iwanowice
27%
wiejska Kamionka Wielka
27%
wiejska Klucze
27%
wiejska Korzenna
27%
wiejska Kościelisko
27%
wiejska Łabowa
27%
wiejska Laskowa
27%
wiejska Lipnica Wielka
27%
wiejska Lisia Góra
27%
wiejska Liszki
27%
wiejska Niedźwiedź
27%
miejsko-wiejska Radłów
27%
wiejska Siepraw
27%
wiejska Skrzyszów
27%
wiejska Stryszawa
27%
wiejska Szaflary
27%
wiejska Trzciana
27%
wiejska Trzyciąż
27%
wiejska Wiśniowa
27%
wiejska Babice
20%
wiejska Borzęcin
20%
wiejska Budzów
20%
wiejska Bystra-Sidzina
20%
wiejska Charsznica
20%
wiejska Dobra
20%
wiejska Mucharz
20%
wiejska Pałecznica
20%
wiejska Polanka Wielka
20%
wiejska Przeciszów
20%
wiejska Racławice
20%
wiejska Radgoszcz
20%
wiejska Słopnice
20%
wiejska Stryszów
20%
wiejska Szerzyny
20%
wiejska Wieprz
20%
wiejska Żegocina
20%
wiejska Chełmiec
13%
wiejska Gręboszów
13%
wiejska Mędrzechów
13%
wiejska Olesno
13%
wiejska Osiek
13%
wiejska Raciechowice
13%
wiejska Radziemice
13%
wiejska Rzepiennik Strzyżewski
13%
wiejska Słaboszów
13%
wiejska Wietrzychowice
13%
wiejska Brzeźnica
7%
wiejska Dębno
7%
wiejska Drwinia
7%
wiejska Tokarnia
7%
wiejska Koniusza
0%
wiejska Pleśna
0%
Nie znaleziono quizów pasujących do podanych kryteriów
Rozkład punktacji
Procent ludzi z każdym wynikiem
Percentyl według liczby udzielonych odpowiedzi
Twoja historia wyników
Nie rozwiązałeś tego quizu od ostatniego zresetowania